[Event "POL ch 44"]
[Site "Wroclaw"]
[Date "1987.??.??"]
[Round "15"]
[White "Kuczynski, Robert"]
[Black "Sznapik, Aleksander"]
[Result "1/2-1/2"]
[WhiteElo "2450"]
[BlackElo "2425"]
[PlyCount "120"]
[EventDate "1987.??.??"]
[Source "Polbase"]
[SourceDate "1999.10.27"]

1. e4 g6 2. d4 Bg7 3. Nc3 d6 4. Nf3 Nf6 5. h3 O-O 6. Be3 c6 7. a4 a5 8. Be2 Na6
9. O-O Nb4 10. Nd2 e5 11. Nc4 d5 12. dxe5 Nxe4 13. Nxe4 dxe4 14. Bc5 Qg5 15.
Qc1 Qh4 16. Bxf8 Kxf8 17. g3 Qxh3 18. Qe3 Be6 19. Qc5+ Kg8 20. Ne3 b6 21. Qd4
Bh6 22. Rad1 Nd5 23. Ng2 e3 24. c4 exf2+ 25. Qxf2 Nb4 26. Nf4 Bxf4 27. Qxf4 Qf5
28. Rd2 Qxf4 29. gxf4 Kf8 30. Kf2 Ke7 31. Kg3 h5 32. Rc1 Na6 33. Bf3 Rc8 34.
Rd6 Bd7 35. b3 Rc7 36. Rc3 Nc5 37. Bg2 Nb7 38. Rd4 Nc5 39. Rd6 Nb7 40. Rd4 Nc5
41. Rd2 Bf5 42. Re3 Bd7 43. Bh3 Bxh3 44. Kxh3 Ne6 45. Re4 c5 46. Rd5 Rc6 47.
Kg2 Nd4 48. Re3 Ne6 49. Kg3 Nc7 50. Rd1 Ne6 51. Rd5 Nc7 52. Rdd3 Ne6 53. Re4
Nd4 54. Kh4 Rc8 55. Re1 Rd8 56. Red1 Ke6 57. Kg5 Nf3+ 58. Kh6 Nd4 59. Kg5 Nf3+
60. Kh6 Nd4 1/2-1/2

[Event "POL ch 44"]
[Site "Wroclaw"]
[Date "1987.??.??"]
[Round "15"]
[White "Panczyk, Krzysztof"]
[Black "Dejkalo, Stefan"]
[Result "1/2-1/2"]
[WhiteElo "2410"]
[BlackElo "2395"]
[PlyCount "40"]
[EventDate "1987.??.??"]
[Source "Polbase"]
[SourceDate "1999.10.27"]

1. d4 f5 2. g3 Nf6 3. Bg2 e6 4. Nh3 d5 5. O-O Bd6 6. Bf4 O-O 7. Nd2 c6 8. c3
Qe7 9. Bxd6 Qxd6 10. f3 c5 11. dxc5 Qxc5+ 12. Kh1 Qe3 13. Nb3 e5 14. Qd2 Qxd2
15. Nxd2 Nc6 16. Rad1 Rd8 17. e3 Kf8 18. Kg1 Ke7 19. Nb3 Bd7 20. Nf2 Be8
1/2-1/2

[Event "POL ch 44"]
[Site "Wroclaw"]
[Date "1987.??.??"]
[Round "15"]
[White "Stempin, Pawel"]
[Black "Bany, Jerzy"]
[Result "1-0"]
[WhiteElo "2415"]
[BlackElo "2430"]
[PlyCount "51"]
[EventDate "1987.??.??"]
[Source "Polbase"]
[SourceDate "1999.10.27"]

1. d4 d5 2. Nf3 Nf6 3. c4 c6 4. Nc3 e6 5. Bg5 h6 6. Bxf6 Qxf6 7. e3 Nd7 8. Bd3
Bd6 9. e4 dxe4 10. Nxe4 Bb4+ 11. Kf1 Qd8 12. c5 O-O 13. Qe2 Ba5 14. Rd1 Bc7 15.
h4 e5 16. Bc2 exd4 17. Rxd4 Qe7 18. Qd3 f5 19. Nd6 Nxc5 20. Qc4+ Be6 21. Qxc5
b6 22. Qxc6 Rad8 23. Nb5 Bb8 24. Qxe6+ Qxe6 25. Bb3 Qxb3 26. axb3 1-0

[Event "POL ch 44"]
[Site "Wroclaw"]
[Date "1987.??.??"]
[Round "15"]
[White "Tomaszewski, Roman"]
[Black "Skrobek, Ryszard"]
[Result "0-1"]
[WhiteElo "2380"]
[BlackElo "2410"]
[PlyCount "44"]
[EventDate "1987.??.??"]
[Source "Polbase"]
[SourceDate "1999.10.27"]

1. d4 e6 2. Nf3 c5 3. c4 cxd4 4. Nxd4 Nf6 5. g3 d5 6. Bg2 e5 7. Nf3 d4 8. O-O
Nc6 9. e3 Bc5 10. exd4 Bxd4 11. Nxd4 Nxd4 12. h3 O-O 13. Nc3 Bf5 14. g4 Bc2 15.
Qd2 h6 16. Re1 e4 17. b3 Bd3 18. Ba3 Re8 19. Rac1 Bxc4 20. Rcd1 Bd3 21. Nxe4
Bxe4 22. Bxe4 Rxe4 0-1

[Event "POL ch 44"]
[Site "Wroclaw"]
[Date "1987.??.??"]
[Round "16"]
[White "Dejkalo, Stefan"]
[Black "Matlak, Marek"]
[Result "1/2-1/2"]
[WhiteElo "2395"]
[BlackElo "2390"]
[PlyCount "69"]
[EventDate "1987.??.??"]
[Source "Polbase"]
[SourceDate "1999.10.27"]

1. d4 d5 2. c4 e6 3. Nc3 c6 4. cxd5 exd5 5. Bf4 Bf5 6. e3 Bd6 7. Nge2 Bxf4 8.
Nxf4 Nf6 9. Bd3 Bxd3 10. Qxd3 Nbd7 11. O-O O-O 12. Rab1 a6 13. f3 Re8 14. g4
Nf8 15. g5 N6d7 16. h4 f6 17. Nh3 Qe7 18. Kf2 Qf7 19. Rg1 Re7 20. Nf4 Rae8 21.
Rbe1 g6 22. a4 Kh8 23. a5 fxg5 24. hxg5 Ne6 25. Nxe6 Qxe6 26. Rg3 Nf8 27. Na4
Qd6 28. Nc5 Ne6 29. Nxe6 Rxe6 30. Qc3 Qf8 31. Kg2 Kg8 32. Kf2 Qf5 33. Re2 Qf8
34. Re1 Qf5 35. Re2 1/2-1/2

[Event "POL ch 44"]
[Site "Wroclaw"]
[Date "1987.??.??"]
[Round "16"]
[White "Maciejewski, Miroslaw"]
[Black "Hawelko, Marek"]
[Result "1/2-1/2"]
[WhiteElo "2285"]
[BlackElo "2460"]
[PlyCount "57"]
[EventDate "1987.??.??"]
[Source "Polbase"]
[SourceDate "1999.10.27"]

1. Nf3 Nf6 2. c4 c5 3. Nc3 d5 4. cxd5 Nxd5 5. e4 Nb4 6. Bb5+ N8c6 7. d4 cxd4 8.
a3 dxc3 9. Qxd8+ Kxd8 10. axb4 cxb2 11. Bxb2 e5 12. Bxc6 bxc6 13. Nxe5 Kc7 14.
Nxf7 Bxb4+ 15. Ke2 Re8 16. f3 a5 17. Rhd1 Re7 18. Ne5 Ba6+ 19. Nd3 Rd8 20. Ke3
Red7 21. Nxb4 Rxd1 22. Nd5+ R8xd5 23. exd5 Rxa1 24. Bxa1 g6 25. dxc6 Kxc6 26.
Kf4 Bf1 27. g3 Be2 28. Kg5 Bxf3 29. Kh6 1/2-1/2

[Event "POL ch 44"]
[Site "Wroclaw"]
[Date "1987.??.??"]
[Round "16"]
[White "Pinkas, Karol"]
[Black "Kuczynski, Robert"]
[Result "1-0"]
[WhiteElo "2405"]
[BlackElo "2450"]
[PlyCount "39"]
[EventDate "1987.??.??"]
[Source "Polbase"]
[SourceDate "1999.10.27"]

1. e4 e5 2. Nf3 Nf6 3. d4 Nxe4 4. Bd3 d5 5. Nxe5 Nd7 6. Nxd7 Bxd7 7. O-O Qh4 8.
c4 O-O-O 9. c5 g5 10. Nd2 Nxd2 11. Bxd2 Rg8 12. Rc1 Qxd4 13. Bc3 Qh4 14. Bf6
Re8 15. f4 Be7 16. c6 bxc6 17. Bxe7 Rxe7 18. Qb3 Qg4 19. h3 Qe6 20. Rce1 1-0

[Event "POL ch 44"]
[Site "Wroclaw"]
[Date "1987.??.??"]
[Round "16"]
[White "Przewoznik, Jan"]
[Black "Staniszewski, Piotr"]
[Result "1/2-1/2"]
[WhiteElo "2430"]
[BlackElo "2420"]
[PlyCount "33"]
[EventDate "1987.??.??"]
[Source "Polbase"]
[SourceDate "1999.10.27"]

1. e4 c5 2. c3 d5 3. exd5 Qxd5 4. d4 e6 5. Nf3 Nf6 6. Na3 a6 7. Nc4 Nbd7 8. Be2
cxd4 9. Qxd4 Bc5 10. Qxd5 Nxd5 11. a4 b6 12. O-O Bb7 13. Nfe5 Nxe5 14. Nxe5 f6
15. Nd3 Bd6 16. Bf3 O-O-O 17. Rd1 1/2-1/2

[Event "POL ch 44"]
[Site "Wroclaw"]
[Date "1987.??.??"]
[Round "16"]
[White "Schmidt, Wlodzimierz"]
[Black "Adamski, Jan"]
[Result "1/2-1/2"]
[WhiteElo "2470"]
[BlackElo "2420"]
[PlyCount "21"]
[EventDate "1987.??.??"]
[Source "Polbase"]
[SourceDate "1999.10.27"]

1. d4 d5 2. c4 dxc4 3. Nf3 Nf6 4. Qa4+ c6 5. Qxc4 Bg4 6. Nbd2 Nbd7 7. g3 Qa5 8.
Bg2 e5 9. Nxe5 Nxe5 10. dxe5 Qxe5 11. e4 1/2-1/2

[Event "POL ch 44"]
[Site "Wroclaw"]
[Date "1987.??.??"]
[Round "16"]
[White "Sygulski, Artur"]
[Black "Juroszek, Tadeusz"]
[Result "1-0"]
[WhiteElo "2400"]
[BlackElo "2320"]
[PlyCount "57"]
[EventDate "1987.??.??"]
[Source "Polbase"]
[SourceDate "1999.10.27"]

1. Nf3 Nf6 2. c4 c5 3. Nc3 Nc6 4. g3 d5 5. cxd5 Nxd5 6. Bg2 Nc7 7. O-O e5 8. a3
Be7 9. b4 Be6 10. bxc5 Bxc5 11. Rb1 Rb8 12. Ng5 Bd7 13. d3 O-O 14. Nge4 Be7 15.
f4 f5 16. Nf2 Bf6 17. e4 Kh8 18. Ne2 Be6 19. exf5 Bxf5 20. g4 Bd7 21. f5 Bg5
22. Ne4 Bxc1 23. Qxc1 Be8 24. Qc5 Qe7 25. Rfc1 Na6 26. Qxe7 Nxe7 27. d4 exd4
28. Nxd4 Bf7 29. Nd6 1-0

[Event "POL ch 44"]
[Site "Wroclaw"]
[Date "1987.??.??"]
[Round "16"]
[White "Sznapik, Aleksander"]
[Black "Panczyk, Krzysztof"]
[Result "0-1"]
[WhiteElo "2425"]
[BlackElo "2410"]
[PlyCount "70"]
[EventDate "1987.??.??"]
[Source "Polbase"]
[SourceDate "1999.10.27"]

1. e4 e5 2. Nf3 Nc6 3. Bb5 a6 4. Ba4 Nf6 5. O-O Be7 6. Re1 b5 7. Bb3 O-O 8. c3
d5 9. exd5 Nxd5 10. Nxe5 Nxe5 11. Rxe5 c6 12. d4 Bd6 13. Re2 Qh4 14. g3 Qh3 15.
Nd2 Bf5 16. Ne4 Bg4 17. Nxd6 Qh5 18. f3 Bxf3 19. Kf2 Rad8 20. c4 Rxd6 21. cxd5
cxd5 22. Bf4 Re6 23. Be5 f6 24. g4 Qxg4 25. Qg1 fxe5 26. Qxg4 Bxg4+ 27. Ke1
Bxe2 28. Kxe2 exd4+ 29. Kd3 Rh6 30. Bxd5+ Kh8 31. a4 bxa4 32. Rxa4 Rh3+ 33. Kc4
d3 34. Ra1 Rc8+ 35. Kd4 Rd8 0-1

[Event "POL ch 44"]
[Site "Wroclaw"]
[Date "1987.??.??"]
[Round "17"]
[White "Adamski, Jan"]
[Black "Dejkalo, Stefan"]
[Result "1/2-1/2"]
[WhiteElo "2420"]
[BlackElo "2395"]
[PlyCount "31"]
[EventDate "1987.??.??"]
[Source "Polbase"]
[SourceDate "1999.10.27"]

1. d4 f5 2. Nc3 d5 3. Bg5 g6 4. h4 Bg7 5. e3 c6 6. Bd3 Be6 7. Nf3 Nd7 8. h5 Qb6
9. h6 Bf6 10. Qd2 Bf7 11. O-O-O Qc7 12. Bf4 e5 13. Bh2 O-O-O 14. Na4 Re8 15.
Rde1 Qd8 16. dxe5 1/2-1/2

[Event "POL ch 44"]
[Site "Wroclaw"]
[Date "1987.??.??"]
[Round "17"]
[White "Bany, Jerzy"]
[Black "Skrobek, Ryszard"]
[Result "1/2-1/2"]
[WhiteElo "2430"]
[BlackElo "2410"]
[PlyCount "80"]
[EventDate "1987.??.??"]
[Source "Polbase"]
[SourceDate "1999.10.27"]

1. Nf3 Nf6 2. c4 e6 3. g3 a6 4. Bg2 b5 5. b3 Bb7 6. O-O c5 7. Nc3 Qa5 8. cxb5
axb5 9. a4 bxa4 10. bxa4 Be7 11. Qb3 Bc6 12. d3 Na6 13. Bf4 Nb4 14. Ne5 Bxg2
15. Kxg2 Nfd5 16. Nxd5 Nxd5 17. Qb7 Qa7 18. Rfb1 Nb4 19. Qb5 f6 20. Nf3 O-O 21.
a5 d5 22. a6 g5 23. Be3 Rfb8 24. Qa4 g4 25. Nh4 Rb6 26. Rxb4 Rxb4 27. Qxb4 cxb4
28. Bxa7 Rxa7 29. d4 Kf7 30. Kf1 Ke8 31. f3 gxf3 32. Nxf3 Kd7 33. Ke1 Kc6 34.
Kd2 Kb6 35. Kc2 Rxa6 36. Rxa6+ Kxa6 37. Kb3 Kb5 38. Ne1 f5 39. Nc2 Bg5 40. Nxb4
Be3 1/2-1/2

[Event "POL ch 44"]
[Site "Wroclaw"]
[Date "1987.??.??"]
[Round "17"]
[White "Hawelko, Marek"]
[Black "Sygulski, Artur"]
[Result "1-0"]
[WhiteElo "2460"]
[BlackElo "2400"]
[PlyCount "109"]
[EventDate "1987.??.??"]
[Source "Polbase"]
[SourceDate "1999.10.27"]

1. e4 Nf6 2. e5 Nd5 3. d4 d6 4. Nf3 g6 5. Bc4 Nb6 6. Bb3 Bg7 7. a4 a5 8. Ng5 e6
9. f4 dxe5 10. fxe5 c5 11. c3 cxd4 12. O-O O-O 13. cxd4 Nc6 14. Nf3 f6 15. exf6
Qxf6 16. Be3 Nd5 17. Bf2 Nf4 18. Bh4 Qf5 19. Nc3 Qg4 20. Bg3 Nxd4 21. Nxd4
Bxd4+ 22. Kh1 Qxd1 23. Raxd1 Be5 24. Ne4 Ra6 25. Bc4 Rc6 26. b3 Bc7 27. Bb5 Rc2
28. Rc1 Rxc1 29. Rxc1 Bb8 30. Nf6+ Rxf6 31. Rxc8+ Rf8 32. Rxb8 Rxb8 33. Bxf4
Rd8 34. h4 Rd4 35. g3 Kf7 36. Kg2 Kf6 37. Kf3 e5 38. Be3 Rd1 39. Bb6 h5 40.
Bxa5 Kf5 41. Be2 e4+ 42. Ke3 Rg1 43. Bc7 Rb1 44. Bc4 Rd1 45. Bf4 Re1+ 46. Kd2
Rb1 47. a5 Ra1 48. Bc7 Ra2+ 49. Ke3 Rc2 50. Bf4 Rc1 51. Bd5 Re1+ 52. Kd2 Ra1
53. Bxb7 Rxa5 54. Ke3 Rb5 55. Bxe4+ 1-0

[Event "POL ch 44"]
[Site "Wroclaw"]
[Date "1987.??.??"]
[Round "17"]
[White "Kuczynski, Robert"]
[Black "Przewoznik, Jan"]
[Result "1-0"]
[WhiteElo "2450"]
[BlackElo "2430"]
[PlyCount "53"]
[EventDate "1987.??.??"]
[Source "Polbase"]
[SourceDate "1999.10.27"]

1. e4 e5 2. Nf3 Nc6 3. Bb5 a6 4. Ba4 Nf6 5. O-O Be7 6. Re1 b5 7. Bb3 O-O 8. d3
Bb7 9. Nbd2 Re8 10. Nf1 a5 11. a4 b4 12. Ne3 h6 13. Nf5 Bf8 14. N3h4 d5 15.
exd5 Nd4 16. Nxd4 exd4 17. Rxe8 Qxe8 18. Nf3 Bc5 19. Bf4 Nxd5 20. Bg3 Kh7 21.
Qd2 f6 22. Re1 Qd7 23. Qe2 Nb6 24. Nh4 Nxa4 25. Qh5 Bd6 26. Be6 Qd8 27. Qf5+
1-0

[Event "POL ch 44"]
[Site "Wroclaw"]
[Date "1987.??.??"]
[Round "17"]
[White "Matlak, Marek"]
[Black "Sznapik, Aleksander"]
[Result "1/2-1/2"]
[WhiteElo "2390"]
[BlackElo "2425"]
[PlyCount "161"]
[EventDate "1987.??.??"]
[Source "Polbase"]
[SourceDate "1999.10.27"]

1. Nf3 g6 2. d4 Bg7 3. e4 d6 4. c4 Nf6 5. Nc3 O-O 6. Be2 e5 7. dxe5 dxe5 8.
Qxd8 Rxd8 9. Bg5 Re8 10. Nd5 Nxd5 11. cxd5 c6 12. Bc4 cxd5 13. Bxd5 Na6 14. Ke2
Nc7 15. Bb3 Bd7 16. Rac1 Bc6 17. Be3 h6 18. Nd2 Ne6 19. Bxe6 Rxe6 20. g4 Bf8
21. f3 Be7 22. h4 Bb5+ 23. Kf2 Rd8 24. Nb1 Kg7 25. Nc3 Bc6 26. Ke2 a6 27. h5 b5
28. hxg6 Rxg6 29. Rcd1 Rxd1 30. Kxd1 Rd6+ 31. Kc2 Bg5 32. Bxg5 hxg5 33. a3 a5
34. Rh3 b4 35. axb4 axb4 36. Ne2 Ba4+ 37. b3 Bd7 38. Rh1 Rf6 39. Rd1 Bb5 40.
Ng1 Rc6+ 41. Kd2 Rc3 42. Rb1 Kf6 43. Rb2 Ke6 44. Ke1 Kd6 45. Kf2 Kc5 46. Ne2
Rd3 47. Rc2+ Kb6 48. Nc1 Rd1 49. Ke3 Ba6 50. Kf2 f6 51. Ke3 Rf1 52. Na2 Ka5 53.
Nc1 Bb5 54. Ra2+ Kb6 55. Rc2 Rd1 56. Kf2 Rd8 57. Ke3 Rd6 58. Rc8 Kb7 59. Rc2
Rd1 60. Kf2 Kb6 61. Ke3 Re1+ 62. Kf2 Rf1+ 63. Ke3 Rh1 64. Rc8 Rh2 65. Nd3 Bxd3
66. Kxd3 Rb2 67. Rb8+ Kc5 68. Rf8 Rxb3+ 69. Ke2 Kd4 70. Rxf6 Rb2+ 71. Kd1 Rf2
72. Kc1 b3 73. Kb1 Kc3 74. Rf5 Kd4 75. Rf8 Re2 76. Rf7 Rh2 77. Rf8 Rg2 78. Rf7
Rh2 79. Rf8 Kc3 80. Rc8+ Kd4 81. Rf8 1/2-1/2

[Event "POL ch 44"]
[Site "Wroclaw"]
[Date "1987.??.??"]
[Round "17"]
[White "Panczyk, Krzysztof"]
[Black "Pinkas, Karol"]
[Result "1-0"]
[WhiteElo "2410"]
[BlackElo "2405"]
[PlyCount "153"]
[EventDate "1987.??.??"]
[Source "Polbase"]
[SourceDate "1999.10.27"]

1. d4 d5 2. c4 c6 3. Nc3 Nf6 4. Nf3 e6 5. Bg5 Nbd7 6. e3 Qa5 7. Qc2 Bb4 8. Nd2
a6 9. a3 Ne4 10. Ncxe4 dxe4 11. Bh4 Bxd2+ 12. Qxd2 Qxd2+ 13. Kxd2 c5 14. Bg3
Ke7 15. Be2 b6 16. dxc5 bxc5 17. b4 Bb7 18. Kc3 Rhc8 19. Rhd1 Nb6 20. Bd6+ Kf6
21. Kb3 Bc6 22. Rd2 Ba4+ 23. Kc3 cxb4+ 24. axb4 Bb5 25. Rd4 e5 26. Rxe4 Ke6 27.
Rd1 Nd7 28. Kb3 Bc6 29. Rg4 g6 30. c5 f5 31. Bc4+ Kf6 32. Rh4 h5 33. f4 Re8 34.
Bc7 exf4 35. exf4 Re3+ 36. Kb2 Ba4 37. Rd6+ Kg7 38. Rh3 Rxh3 39. gxh3 Rc8 40.
Ba5 Nb8 41. Bd8 Bb5 42. Bf6+ Kf8 43. Bxb5 axb5 44. Bc3 Nc6 45. Rxg6 Ke7 46. Rd6
Rc7 47. h4 Rc8 48. Kb3 Rc7 49. Rf6 Kd8 50. Rf8+ Ke7 51. Rxf5 Rd7 52. Rxh5 Rd3
53. Rh7+ Kd8 54. h5 Rh3 55. h6 Nd4+ 56. Kb2 Rxh2+ 57. Kb1 Rh1+ 58. Ka2 Rh2+ 59.
Kb1 Rh1+ 60. Ka2 Rh2+ 61. Bb2 Nc6 62. Rh8+ Kd7 63. h7 Nxb4+ 64. Kb3 Nc6 65. f5
Rh3+ 66. Kc2 b4 67. f6 b3+ 68. Kd2 Rh2+ 69. Ke3 Rh3+ 70. Kf4 Nd8 71. Rxd8+ Kxd8
72. f7 Ke7 73. h8=Q Rxh8 74. Bxh8 Kxf7 75. Bb2 Ke6 76. Ke4 Kd7 77. Kd5 1-0

[Event "POL ch 44"]
[Site "Wroclaw"]
[Date "1987.??.??"]
[Round "17"]
[White "Stempin, Pawel"]
[Black "Kuligowski, Adam"]
[Result "0-1"]
[WhiteElo "2415"]
[BlackElo "2400"]
[PlyCount "98"]
[EventDate "1987.??.??"]
[Source "Polbase"]
[SourceDate "1999.10.27"]

1. d4 d5 2. Nf3 Nf6 3. c4 dxc4 4. Nc3 a6 5. e4 b5 6. e5 Nd5 7. a4 Nxc3 8. bxc3
Bb7 9. e6 f6 10. Be2 Qd5 11. O-O Qxe6 12. Re1 g6 13. Nh4 Qd7 14. Bg4 f5 15. Bf3
Nc6 16. Bg5 Rb8 17. d5 Nd8 18. Ra2 Rg8 19. Rae2 Nf7 20. Bxe7 Bxe7 21. axb5 axb5
22. Qd4 Nd6 23. Rxe7+ Qxe7 24. Rxe7+ Kxe7 25. Qe5+ Kf7 26. Qe6+ Kf8 27. g4 Rg7
28. g5 Re8 29. Qf6+ Rf7 30. Qh8+ Ke7 31. Qd4 Kd7 32. Ng2 Ne4 33. h4 Kd6 34. Nf4
Re5 35. Qa7 Bxd5 36. Qb8 Bc6 37. Qd8+ Bd7 38. Qg8 Ree7 39. Qh8 Rg7 40. Bg2 Nxc3
41. h5 Ne4 42. hxg6 hxg6 43. Qb8 Bc6 44. Qd8+ Kc5 45. Nxg6 Re8 46. Qd1 Rxg6 47.
f4 Nxg5 48. Bxc6 Ne4+ 49. Kf1 Kxc6 0-1

[Event "POL ch 44"]
[Site "Wroclaw"]
[Date "1987.??.??"]
[Round "17"]
[White "Tomaszewski, Roman"]
[Black "Schmidt, Wlodzimierz"]
[Result "1-0"]
[WhiteElo "2380"]
[BlackElo "2470"]
[PlyCount "66"]
[EventDate "1987.??.??"]
[Source "Polbase"]
[SourceDate "1999.10.27"]

1. d4 Nf6 2. Nf3 g6 3. g3 d5 4. Bg2 Bg7 5. O-O O-O 6. c4 dxc4 7. Qa4 Nfd7 8.
Qxc4 Nb6 9. Qc2 Nc6 10. Rd1 Bf5 11. Qd2 e5 12. dxe5 Nxe5 13. Nxe5 Bxe5 14. Bxb7
Rb8 15. Qxd8 Rfxd8 16. Rxd8+ Rxd8 17. Nc3 Bxc3 18. bxc3 Rd1+ 19. Kg2 Na4 20. c4
Bc2 21. Bf3 Re1 22. Bb2 Rb1 23. Be5 c5 24. Bc6 Rxa1 25. Bxa1 Nb6 26. Be5 Nxc4
27. Bb8 a5 28. Ba7 Bb1 29. a4 Ne5 30. Bb5 c4 31. Bd4 f6 32. f4 Be4+ 33. Kg1 Nc6
$138 1-0

[Event "POL ch 44"]
[Site "Wroclaw"]
[Date "1987.??.??"]
[Round "18"]
[White "Dejkalo, Stefan"]
[Black "Tomaszewski, Roman"]
[Result "1/2-1/2"]
[WhiteElo "2395"]
[BlackElo "2380"]
[PlyCount "20"]
[EventDate "1987.??.??"]
[Source "Polbase"]
[SourceDate "1999.10.27"]

1. c4 f5 2. g3 Nf6 3. Bg2 d6 4. Nc3 e5 5. d3 g6 6. f4 exf4 7. gxf4 Bg7 8. Nf3
O-O 9. O-O Nc6 10. Rb1 Kh8 1/2-1/2

[Event "POL ch 44"]
[Site "Wroclaw"]
[Date "1987.??.??"]
[Round "18"]
[White "Juroszek, Tadeusz"]
[Black "Hawelko, Marek"]
[Result "1/2-1/2"]
[WhiteElo "2320"]
[BlackElo "2460"]
[PlyCount "83"]
[EventDate "1987.??.??"]
[Source "Polbase"]
[SourceDate "1999.10.27"]

1. e4 c5 2. Nf3 e6 3. d4 cxd4 4. Nxd4 Nf6 5. Nc3 d6 6. Bc4 Be7 7. Bb3 O-O 8.
Be3 Na6 9. f4 Nc5 10. Qf3 e5 11. Nf5 Bxf5 12. exf5 e4 13. Qh3 b5 14. Rd1 Nxb3
15. axb3 b4 16. Ne2 Rc8 17. Rd2 Qa5 18. O-O Nd5 19. Bd4 Bf6 20. Bxf6 Nxf6 21.
Nd4 h5 22. Rfd1 Rfe8 23. Re2 Rc5 24. Qg3 Qb6 25. Kh1 Rec8 26. h3 Ra5 27. Re3
Rd5 28. c3 bxc3 29. bxc3 Rdc5 30. Qe1 d5 31. Rc1 Qc7 32. Qg3 Ra5 33. Rf1 Rc5
34. Rc1 Ra5 35. Rf1 Qd8 36. Qg5 Nh7 37. Qxh5 Qd6 38. Rc1 Qc7 39. Qg4 Nf6 40.
Qh4 Qd6 41. Rg3 Nh7 42. Kh2 1/2-1/2

[Event "POL ch 44"]
[Site "Wroclaw"]
[Date "1987.??.??"]
[Round "18"]
[White "Kuligowski, Adam"]
[Black "Bany, Jerzy"]
[Result "1/2-1/2"]
[WhiteElo "2400"]
[BlackElo "2430"]
[PlyCount "32"]
[EventDate "1987.??.??"]
[Source "Polbase"]
[SourceDate "1999.10.27"]

1. d4 d5 2. c4 c6 3. cxd5 cxd5 4. Nc3 Nf6 5. Nf3 Nc6 6. Bf4 Bf5 7. e3 e6 8. Bb5
Nd7 9. Qa4 Rc8 10. O-O a6 11. Bxc6 Rxc6 12. Rfc1 Be7 13. Nd1 Qc8 14. Rxc6 Qxc6
15. Qxc6 bxc6 16. Rc1 c5 1/2-1/2

[Event "POL ch 44"]
[Site "Wroclaw"]
[Date "1987.??.??"]
[Round "18"]
[White "Maciejewski, Miroslaw"]
[Black "Kuczynski, Robert"]
[Result "0-1"]
[WhiteElo "2285"]
[BlackElo "2450"]
[PlyCount "68"]
[EventDate "1987.??.??"]
[Source "Polbase"]
[SourceDate "1999.10.27"]

1. e4 Nf6 2. e5 Nd5 3. d4 d6 4. Nf3 g6 5. Bc4 c6 6. O-O Bg7 7. exd6 Qxd6 8. h3
O-O 9. Re1 b5 10. Bb3 a5 11. c3 Re8 12. Nbd2 Nd7 13. Ne4 Qc7 14. Bg5 a4 15. Bc2
a3 16. b3 f5 17. Ng3 Nxc3 18. Qd2 Nd5 19. Rad1 e6 20. Ne2 Bb7 21. Nf4 e5 22.
dxe5 Nxe5 23. Nd4 Nxf4 24. Qxf4 Qf7 25. b4 Nc4 26. Nb3 Rxe1+ 27. Rxe1 Re8 28.
Rd1 Bc3 29. Nc5 Bxb4 30. Nxb7 Qxb7 31. Bb3 Qf7 32. Rd4 Bc3 33. Rd3 Re1+ 34. Kh2
Be5 0-1

[Event "POL ch 44"]
[Site "Wroclaw"]
[Date "1987.??.??"]
[Round "18"]
[White "Pinkas, Karol"]
[Black "Matlak, Marek"]
[Result "1-0"]
[WhiteElo "2405"]
[BlackElo "2390"]
[PlyCount "47"]
[EventDate "1987.??.??"]
[Source "Polbase"]
[SourceDate "1999.10.27"]

1. e4 e6 2. d4 d5 3. Nc3 Bb4 4. e5 Ne7 5. a3 Bxc3+ 6. bxc3 c5 7. Nf3 Nbc6 8. a4
Qa5 9. Bd2 Bd7 10. Bb5 Qc7 11. O-O h6 12. dxc5 Nxe5 13. Nxe5 Qxe5 14. Bxd7+
Kxd7 15. Rb1 Qc7 16. c4 Kc8 17. Qh5 Ng6 18. cxd5 Qxc5 19. Rb5 Qc4 20. dxe6 Qxe6
21. Re1 Qd6 22. Bb4 Qd7 23. Rd1 Qe6 24. Qf3 1-0

[Event "POL ch 44"]
[Site "Wroclaw"]
[Date "1987.??.??"]
[Round "18"]
[White "Przewoznik, Jan"]
[Black "Panczyk, Krzysztof"]
[Result "1/2-1/2"]
[WhiteElo "2430"]
[BlackElo "2410"]
[PlyCount "38"]
[EventDate "1987.??.??"]
[Source "Polbase"]
[SourceDate "1999.10.27"]

1. e4 e5 2. Nf3 Nc6 3. Bb5 a6 4. Ba4 Nf6 5. d4 Nxd4 6. Nxd4 exd4 7. e5 Ne4 8.
Qxd4 Nc5 9. Nc3 c6 10. O-O Nxa4 11. Nxa4 d5 12. exd6 Qxd6 13. Qxd6 Bxd6 14. Nb6
Rb8 15. Rd1 Bc7 16. Nxc8 Rxc8 17. Re1+ Kd7 18. Rd1+ Ke6 19. Re1+ Kd7 1/2-1/2

[Event "POL ch 44"]
[Site "Wroclaw"]
[Date "1987.??.??"]
[Round "18"]
[White "Schmidt, Wlodzimierz"]
[Black "Stempin, Pawel"]
[Result "1/2-1/2"]
[WhiteElo "2470"]
[BlackElo "2415"]
[PlyCount "40"]
[EventDate "1987.??.??"]
[Source "Polbase"]
[SourceDate "1999.10.27"]

1. d4 Nf6 2. c4 e6 3. Nc3 Bb4 4. e3 c5 5. Nge2 d5 6. a3 Bxc3+ 7. Nxc3 cxd4 8.
exd4 dxc4 9. Bxc4 Nc6 10. Be3 O-O 11. O-O b6 12. Re1 Bb7 13. f3 Rc8 14. Qd3 Rc7
15. Rad1 h6 16. Bf2 Ne7 17. Ba2 Rd7 18. Bb1 Re8 19. Qe2 Nc6 20. Qe3 Ba6 1/2-1/2

[Event "POL ch 44"]
[Site "Wroclaw"]
[Date "1987.??.??"]
[Round "18"]
[White "Sznapik, Aleksander"]
[Black "Adamski, Jan"]
[Result "1/2-1/2"]
[WhiteElo "2425"]
[BlackElo "2420"]
[PlyCount "36"]
[EventDate "1987.??.??"]
[Source "Polbase"]
[SourceDate "1999.10.27"]

1. e4 c5 2. Nf3 d6 3. d4 cxd4 4. Nxd4 Nf6 5. Nc3 a6 6. Be2 e6 7. O-O Be7 8. f4
O-O 9. Kh1 Qc7 10. a4 Nc6 11. Be3 Re8 12. Qd2 Nxd4 13. Qxd4 e5 14. Qd3 exf4 15.
Bxf4 Be6 16. Rad1 Rad8 17. Qg3 Qc5 18. e5 dxe5 1/2-1/2

[Event "POL ch 44"]
[Site "Wroclaw"]
[Date "1987.??.??"]
[Round "19"]
[White "Adamski, Jan"]
[Black "Pinkas, Karol"]
[Result "1/2-1/2"]
[WhiteElo "2420"]
[BlackElo "2405"]
[PlyCount "130"]
[EventDate "1987.??.??"]
[Source "Polbase"]
[SourceDate "1999.10.27"]

1. Nf3 Nf6 2. c4 c6 3. d4 d5 4. Nc3 e6 5. Bg5 Nbd7 6. e3 Qa5 7. Nd2 dxc4 8.
Bxf6 Nxf6 9. Nxc4 Qc7 10. Rc1 Bd6 11. g3 O-O 12. Bg2 e5 13. d5 cxd5 14. Nxd5
Nxd5 15. Qxd5 Bb4+ 16. Ke2 Rd8 17. Qb5 a5 18. Bd5 Rxd5 19. Qxd5 Be6 20. Qb5 e4
21. h3 Qd8 22. Rhd1 Qf6 23. Ne5 Bxh3 24. f4 exf3+ 25. Kf2 h6 26. Qd5 Re8 27.
Nd3 Bg4 28. Nxb4 axb4 29. Rd2 Qb6 30. Qd4 Qg6 31. Rc5 Re4 32. Qd6 Re6 33. Qd3
Re4 34. Qd6 Be6 35. Rd4 Qg4 36. Qd8+ Kh7 37. Qh4 Rxd4 38. exd4 Qg6 39. Qf4 Bg4
40. Qd2 Qe6 41. Qc2+ f5 42. b3 h5 43. Qd2 Qe7 44. Qe3 Qf6 45. Rc7 h4 46. Qe5
Qh6 47. gxh4 Qxh4+ 48. Qg3 Qg5 49. Qh2+ Bh5 50. Rc2 b6 51. Qg3 Qf6 52. Qf4 Bg4
53. Qh2+ Kg6 54. Qf4 Qh4+ 55. Qg3 Qg5 56. Qd6+ Kh7 57. Qh2+ Bh5 58. Qg3 Qf6 59.
Qf4 Qg6 60. Qg3 Qh6 61. Qe5 Bg4 62. Kg1 Qg5 63. Rh2+ Bh5+ 64. Kf2 Qd2+ 65. Kg1
Qc1+ 1/2-1/2

[Event "POL ch 44"]
[Site "Wroclaw"]
[Date "1987.??.??"]
[Round "19"]
[White "Bany, Jerzy"]
[Black "Schmidt, Wlodzimierz"]
[Result "1/2-1/2"]
[WhiteElo "2430"]
[BlackElo "2470"]
[PlyCount "45"]
[EventDate "1987.??.??"]
[Source "Polbase"]
[SourceDate "1999.10.27"]

1. d4 Nf6 2. Nf3 g6 3. c4 Bg7 4. g3 O-O 5. Bg2 d5 6. cxd5 Nxd5 7. O-O Nb6 8.
Nc3 Nc6 9. e3 e5 10. d5 Ne7 11. e4 Bg4 12. a4 c6 13. a5 Nc4 14. Qb3 Nxa5 15.
Qa2 b6 16. b4 Nb7 17. Bg5 c5 18. bxc5 Nxc5 19. d6 Qxd6 20. Rfd1 Qc7 21. Nb5 Qb7
22. Nd6 Qc7 23. Nb5 1/2-1/2